[Event "DVM U10 2014"]
[Site "Magdeburg GER"]
[Date "2014.12.28"]
[Round "3"]
[White "Dalchow, Mario"]
[Black "Högner, Tom"]
[Result "1-0"]
[Termination "normal"]
[Board "11.1"]
[WhiteElo "1193"]
[BlackElo "1072"]
[WhiteTeam "SC 1997 Lambsheim"]
[BlackTeam "SC Erlangen 48/88"]
[PlyCount "79"]
[WhiteFideId "12971421"]
[BlackFideId "12995436"]
[EventCountry "GER"]
[EventRounds "7"]
[EventType "team-swiss"]
[EventDate "2014.12.27"]

1. e4 e5 2. Nf3 Nc6 3. Bc4 Nf6 4. Ng5 d5 5. exd5 Na5 6. Bb3 h6 7. Nf3 e4 8. Nd4
Nxb3 9. Nxb3 Nxd5 10. O-O Nf6 11. Nc3 Bg4 12. Qe1 Qe7 13. Qe3 O-O-O 14. Qxa7 h5
15. Qa8+ Kd7 16. Qxb7 h4 17. h3 Bxh3 18. gxh3 Qe5 19. Qb5+ Qxb5 20. Nxb5 g5 21.
d3 g4 22. Bg5 Be7 23. Bxf6 Bxf6 24. Nc3 gxh3 25. Kh2 exd3 26. cxd3 Ke6 27. Rad1
Ra8 28. d4 Rhd8 29. Nc5+ Ke7 30. Rfe1+ Kd6 31. Nb7+ Kc6 32. Nxd8+ Rxd8 33. d5+
Kd6 34. Ne4+ Ke5 35. Nxf6+ Kxf6 36. Kxh3 Kg5 37. Re7 Rc8 38. Rxf7 c6 39. Rg1+
Kh6 40. Rf4 1-0

[Event "DVM U10 2014"]
[Site "Magdeburg GER"]
[Date "2014.12.28"]
[Round "3"]
[White "Hetzner, Hannes"]
[Black "Warzecha, Fabian"]
[Result "1-0"]
[Termination "normal"]
[Board "11.2"]
[WhiteElo "969"]
[BlackElo "1121"]
[WhiteTeam "SC Erlangen 48/88"]
[BlackTeam "SC 1997 Lambsheim"]
[PlyCount "63"]
[WhiteFideId "16211936"]
[EventCountry "GER"]
[EventRounds "7"]
[EventType "team-swiss"]
[EventDate "2014.12.27"]

1. e4 c6 2. d4 d5 3. Nc3 e6 4. Nf3 Bb4 5. e5 Ne7 6. Bg5 O-O 7. a3 Bxc3+ 8. bxc3
Bd7 9. Bd3 h6 10. Bh4 Re8 11. O-O Qc7 12. Qb1 Bc8 13. Nd2 c5 14. Qb5 Bd7 15.
Qxc5 Bc6 16. Bb5 Nf5 17. Bg3 Nxg3 18. hxg3 a6 19. Ba4 b6 20. Qb4 Bxa4 21. Qxa4
b5 22. Qb3 Nc6 23. a4 Na5 24. Qb4 Reb8 25. Rfb1 Nc4 26. Nf3 a5 27. Qb3 b4 28.
cxb4 Rxb4 29. Qd3 Rab8 30. c3 Rb3 31. Rc1 Nb2 32. Qc2 1-0

[Event "DVM U10 2014"]
[Site "Magdeburg GER"]
[Date "2014.12.28"]
[Round "3"]
[White "Reichardt, Henrik"]
[Black "Hetzner, Michael"]
[Result "0-1"]
[Termination "normal"]
[Board "11.3"]
[WhiteElo "1065"]
[BlackElo "905"]
[WhiteTeam "SC 1997 Lambsheim"]
[BlackTeam "SC Erlangen 48/88"]
[PlyCount "124"]
[EventCountry "GER"]
[EventRounds "7"]
[EventType "team-swiss"]
[EventDate "2014.12.27"]

1. e4 e6 2. d4 d5 3. exd5 exd5 4. Nc3 Nf6 5. Bf4 Bb4 6. Nge2 Bf5 7. a3 Ba5 8.
Bd2 O-O 9. Nf4 Nc6 10. Nb5 Bxd2+ 11. Qxd2 a6 12. Nc3 Re8+ 13. Be2 Qd6 14. O-O-O
Re7 15. Rde1 Rae8 16. Kb1 Ne4 17. Nxe4 Rxe4 18. Bd3 Rxe1+ 19. Rxe1 Rxe1+ 20.
Qxe1 Be6 21. Qe3 g6 22. g3 Ne7 23. Qe5 Qxe5 24. dxe5 c5 25. Be2 Kg7 26. Nxe6+
fxe6 27. f4 h6 28. g4 b5 29. b3 g5 30. fxg5 hxg5 31. c3 Ng6 32. h3 Nxe5 33. Kc2
Kf6 34. b4 cxb4 35. axb4 Ng6 36. Kd2 Ke5 37. Ke3 Nf4 38. Bf1 Kf6 39. Kf3 e5 40.
Ke3 Ke6 41. Kf3 e4+ 42. Ke3 Ke5 43. h4 gxh4 44. g5 h3 45. Bxh3 Nxh3 46. Ke2
Nxg5 47. Ke3 Ne6 48. Ke2 d4 49. cxd4+ Nxd4+ 50. Ke3 Nc2+ 51. Ke2 Nxb4 52. Ke3
a5 53. Ke2 a4 54. Ke3 a3 55. Ke2 a2 56. Ke3 a1=Q 57. Kf2 Qa3 58. Ke2 Kf4 59.
Kd2 e3+ 60. Ke2 Qa2+ 61. Ke1 Nd3+ 62. Kd1 e2# 0-1

[Event "DVM U10 2014"]
[Site "Magdeburg GER"]
[Date "2014.12.28"]
[Round "3"]
[White "Voß, Torben"]
[Black "Hundrieser, Malte"]
[Result "0-1"]
[Termination "normal"]
[Board "12.1"]
[WhiteElo "1025"]
[BlackElo "1630"]
[WhiteTeam "Schachzwerge Magdeburg 2"]
[BlackTeam "SV Roter Turm Halle 1"]
[PlyCount "96"]
[BlackFideId "12997153"]
[EventCountry "GER"]
[EventRounds "7"]
[EventType "team-swiss"]
[EventDate "2014.12.27"]

1. e4 c5 2. Nf3 d6 3. Bc4 Nf6 4. d3 g6 5. Be3 Bg7 6. Qd2 Ng4 7. c3 Nxe3 8. Qxe3
O-O 9. Nbd2 Nc6 10. d4 cxd4 11. cxd4 Qb6 12. Nb3 Bg4 13. d5 Qxe3+ 14. fxe3 Bxf3
15. gxf3 Nb4 16. Rb1 Nxa2 17. Nd4 Nb4 18. Bb5 Bxd4 19. exd4 Nc2+ 20. Kd2 Nxd4
21. Bd3 Nxf3+ 22. Ke3 Ne5 23. Bb5 a6 24. Ba4 Rfc8 25. Rbc1 Nc4+ 26. Kd4 b5 27.
Bb3 Na5 28. Ba2 Nb7 29. Rhd1 Kf8 30. Rf1 f6 31. Ke3 Rc5 32. b4 Rcc8 33. Bb3 Nd8
34. Bc2 Rc3+ 35. Kd2 Rac8 36. Bd3 Rxc1 37. Rxc1 Rxc1 38. Kxc1 Ke8 39. Kc2 Kd7
40. Kc3 Kc7 41. Be2 Kb6 42. Kb2 a5 43. bxa5+ Kxa5 44. Kb3 Nb7 45. Ka3 b4+ 46.
Kb2 Nc5 47. Bc4 Nxe4 48. Bb3 Kb5 0-1

[Event "DVM U10 2014"]
[Site "Magdeburg GER"]
[Date "2014.12.28"]
[Round "3"]
[White "Wittig, Marten"]
[Black "Unger, Matti"]
[Result "1-0"]
[Termination "normal"]
[Board "12.2"]
[WhiteElo "965"]
[BlackElo "892"]
[WhiteTeam "SV Roter Turm Halle 1"]
[BlackTeam "Schachzwerge Magdeburg 2"]
[PlyCount "121"]
[EventCountry "GER"]
[EventRounds "7"]
[EventType "team-swiss"]
[EventDate "2014.12.27"]

1. e4 e5 2. Nf3 Nc6 3. Bb5 Nf6 4. Nc3 Bc5 5. O-O O-O 6. d3 a6 7. Bxc6 dxc6 8.
Nxe5 Bg4 9. Nf3 Re8 10. Bg5 h6 11. Bh4 Rb8 12. Qe2 Be7 13. Qe3 Nd7 14. Bxe7
Rxe7 15. Rfe1 Qe8 16. Qf4 Bxf3 17. Qxf3 Ne5 18. Qe2 Rd8 19. Rad1 b5 20. b4 Ra8
21. a3 a5 22. Ra1 axb4 23. axb4 Rd8 24. Rad1 Rd4 25. Rb1 Red7 26. Red1 Qd8 27.
h3 Nxd3 28. cxd3 Rxd3 29. Rbc1 Rxd1+ 30. Nxd1 Rd2 31. Qe1 Rd4 32. Nb2 Qe8 33.
e5 f6 34. e6 Rd6 35. e7 Rd7 36. Rxc6 Rxe7 37. Qc3 Qc8 38. Nd3 Kh8 39. Rc5 Qb8
40. Nf4 Rd7 41. Nd5 Kg8 42. Nxc7 Rd1+ 43. Kh2 Qb6 44. Qg3 Kf7 45. Qb3+ Kg6 46.
Qxd1 Qb8 47. h4 Qf8 48. h5+ Kh7 49. Qd3+ Kg8 50. Qg6 Qf7 51. Qxf7+ Kxf7 52.
Nxb5 g6 53. hxg6+ Kxg6 54. Na3 f5 55. b5 Kg5 56. b6 Kg4 57. b7 f4 58. b8=Q h5
59. Qg8+ Kh4 60. g3+ fxg3+ 61. fxg3# 1-0

[Event "DVM U10 2014"]
[Site "Magdeburg GER"]
[Date "2014.12.28"]
[Round "3"]
[White "Joppich, Til"]
[Black "Pietsch, Julius"]
[Result "0-1"]
[Termination "normal"]
[Board "12.3"]
[WhiteElo "902"]
[BlackElo "1009"]
[WhiteTeam "Schachzwerge Magdeburg 2"]
[BlackTeam "SV Roter Turm Halle 1"]
[PlyCount "94"]
[WhiteFideId "16232917"]
[BlackFideId "12985660"]
[EventCountry "GER"]
[EventRounds "7"]
[EventType "team-swiss"]
[EventDate "2014.12.27"]

1. e4 e5 2. Nf3 Nc6 3. Bc4 Bc5 4. Nc3 Nf6 5. d3 d6 6. Bg5 h6 7. Be3 Bd4 8. Bxd4
Nxd4 9. Nxd4 exd4 10. Nd5 Nxd5 11. Bxd5 c6 12. Bb3 O-O 13. Qe2 b5 14. O-O-O a5
15. a3 a4 16. Ba2 Qg5+ 17. Kb1 Bg4 18. f3 Bd7 19. g4 c5 20. Bd5 Rab8 21. Rdf1
b4 22. axb4 cxb4 23. h4 Qf4 24. Rh2 a3 25. b3 Be6 26. Rfh1 Bxd5 27. exd5 Rfe8
28. Qf2 Rb7 29. g5 h5 30. Rg1 g6 31. Rhh1 Ra7 32. Re1 a2+ 33. Ka1 Re5 34. Re2
Rae7 35. Re4 Rxe4 36. dxe4 Rxe4 37. Kxa2 Re3 38. Rf1 d3 39. cxd3 Rxd3 40. Qe2
Rd2+ 41. Qxd2 Qxd2+ 42. Ka1 Qc3+ 43. Ka2 Qc2+ 44. Ka1 Qxb3 45. f4 Qc3+ 46. Kb1
Qd3+ 47. Kb2 Qxf1 0-1

[Event "DVM U10 2014"]
[Site "Magdeburg GER"]
[Date "2014.12.28"]
[Round "3"]
[White "Pietsch, Johann"]
[Black "Telesh, Volodymyr"]
[Result "1-0"]
[Termination "normal"]
[Board "12.4"]
[WhiteElo "971"]
[BlackElo "777"]
[WhiteTeam "SV Roter Turm Halle 1"]
[BlackTeam "Schachzwerge Magdeburg 2"]
[PlyCount "163"]
[WhiteFideId "12987000"]
[EventCountry "GER"]
[EventRounds "7"]
[EventType "team-swiss"]
[EventDate "2014.12.27"]

1. e4 e5 2. Nf3 Nc6 3. Bc4 Bc5 4. Nc3 Nf6 5. d3 d6 6. a3 Bg4 7. Be3 Nd4 8. Bxd4
Bxd4 9. Qd2 Bc5 10. b4 Bb6 11. Ne2 O-O 12. d4 Nd7 13. a4 a6 14. Qd3 a5 15. c3
Nf6 16. Ng3 Bd7 17. O-O c6 18. dxe5 dxe5 19. Nxe5 Bc7 20. Nf3 Qe7 21. Rfe1 axb4
22. cxb4 Qxb4 23. Reb1 Qd6 24. Qxd6 Bxd6 25. Rxb7 Bc8 26. Rb6 Bd7 27. Nd4 Bc7
28. Ra6 Rxa6 29. Bxa6 Be5 30. Rd1 c5 31. Nb3 Bxa4 32. Bc4 Bc6 33. Nf5 Bxe4 34.
Ne7+ Kh8 35. Nxc5 Bc2 36. Nd7 Nxd7 37. Ng6+ Bxg6 38. Rxd7 Bf5 39. Rd5 Be6 40.
Rxe5 Bxc4 41. g3 f6 42. Re4 Bd5 43. Rd4 Ba8 44. f4 g5 45. Kf2 h6 46. f5 Re8 47.
g4 Kg7 48. Rd7+ Kf8 49. Rh7 Re4 50. h3 Rf4+ 51. Kg3 Bf3 52. Rxh6 Kf7 53. Rh7+
Kg8 54. Ra7 Be4 55. Ra4 Rf3+ 56. Kg2 Re3+ 57. Kf2 Rf3+ 58. Kg2 Rf4+ 59. Kg1 Bf3
60. Rxf4 gxf4 61. Kf2 Bd1 62. Ke1 Bc2 63. Kd2 Bb3 64. Kd3 Ba4 65. Ke4 Kg7 66.
Kxf4 Bb5 67. h4 Be2 68. g5 fxg5+ 69. hxg5 Kf7 70. f6 Kg6 71. Ke5 Bc4 72. Kf4
Bb3 73. Kg4 Ba2 74. Kf4 Bb3 75. Ke5 Ba2 76. Kf4 Bb3 77. Kg4 Be6+ 78. Kf4 Bb3
79. Kg4 Be6+ 80. Kh4 Bf5 81. Kg3 Kxg5 82. f7 1-0

[Event "DVM U10 2014"]
[Site "Magdeburg GER"]
[Date "2014.12.28"]
[Round "3"]
[White "Gärtner, Martin"]
[Black "Hommel, Niclas"]
[Result "0-1"]
[Termination "normal"]
[Board "13.1"]
[WhiteElo "808"]
[BlackElo "1552"]
[WhiteTeam "USV Volksbank Halle"]
[BlackTeam "Schachunion Berlin 1"]
[PlyCount "88"]
[BlackFideId "12974927"]
[EventCountry "GER"]
[EventRounds "7"]
[EventType "team-swiss"]
[EventDate "2014.12.27"]

1. e4 e5 2. Nf3 Nc6 3. Bc4 Bc5 4. b4 Bxb4 5. c3 Be7 6. d4 Na5 7. Nxe5 Nxc4 8.
Nxc4 d5 9. exd5 Qxd5 10. Ne3 Qd8 11. O-O Nf6 12. Na3 O-O 13. Nac4 Be6 14. Qf3
c6 15. Qg3 Ne4 16. Qf3 Nxc3 17. Bb2 Nd5 18. Nf5 Bxf5 19. Qxf5 Bf6 20. Rae1 Re8
21. h3 Ne7 22. Qg4 Ng6 23. g3 Qd5 24. Ne3 Qxa2 25. Ba1 Qa5 26. h4 Nf8 27. Re2
h5 28. Qf4 Ne6 29. Qf5 Qxf5 30. Nxf5 Rad8 31. Rfe1 g6 32. Ne3 Nxd4 33. Bxd4
Bxd4 34. Nc2 Rxe2 35. Rxe2 Bf6 36. Na3 b5 37. Rc2 b4 38. Nc4 c5 39. Ra2 b3 40.
Re2 Rd1+ 41. Kg2 Rc1 42. Re8+ Kg7 43. Na3 b2 44. Rb8 Ra1 0-1

[Event "DVM U10 2014"]
[Site "Magdeburg GER"]
[Date "2014.12.28"]
[Round "3"]
[White "Stowicek, Yara Mathilda"]
[Black "Kessen, Fanny"]
[Result "1-0"]
[Termination "normal"]
[Board "13.3"]
[WhiteElo "845"]
[BlackElo "942"]
[WhiteTeam "USV Volksbank Halle"]
[BlackTeam "Schachunion Berlin 1"]
[PlyCount "75"]
[WhiteFideId "16203569"]
[BlackFideId "16217357"]
[EventCountry "GER"]
[EventRounds "7"]
[EventType "team-swiss"]
[EventDate "2014.12.27"]

1. e4 e5 2. Nf3 Nc6 3. Bc4 g6 4. d3 Bg7 5. Ng5 b6 6. Nxf7 Qe7 7. Nxh8 Bxh8 8.
Bxg8 Bb7 9. Bh6 O-O-O 10. Bd5 Bf6 11. Qd2 Qe8 12. Nc3 Kb8 13. O-O-O Qe7 14.
Rhf1 Qc5 15. Qe3 Qd6 16. a3 Ba6 17. Bc4 Bb7 18. f4 Na5 19. fxe5 Bxe5 20. Bg5
Re8 21. Nb5 Qc6 22. Nd4 Qc5 23. Nf3 Qd6 24. Nxe5 Qxe5 25. Qf4 Qh8 26. Qf6 Qxf6
27. Rxf6 Nc6 28. Rdf1 Rc8 29. Rf8 Nd4 30. Rxc8+ Bxc8 31. Bd8 Ne2+ 32. Kd2 d5
33. exd5 Bg4 34. h3 Ng3 35. Rf4 Bd7 36. Ba6 Bc8 37. Rf8 Nf1+ 38. Kc3 1-0

[Event "DVM U10 2014"]
[Site "Magdeburg GER"]
[Date "2014.12.28"]
[Round "3"]
[White "Müller, Bennet"]
[Black "Gärtner, Uta"]
[Result "1-0"]
[Termination "normal"]
[Board "13.4"]
[WhiteElo "600"]
[BlackElo "810"]
[WhiteTeam "Schachunion Berlin 1"]
[BlackTeam "USV Volksbank Halle"]
[PlyCount "29"]
[EventCountry "GER"]
[EventRounds "7"]
[EventType "team-swiss"]
[EventDate "2014.12.27"]

1. e4 e5 2. Nf3 Nc6 3. d4 exd4 4. Nxd4 Nxd4 5. Qxd4 d6 6. Nc3 Nf6 7. Bg5 Be7 8.
Bb5+ c6 9. Bd3 O-O 10. Qe3 d5 11. e5 Ng4 12. Bxe7 Qxe7 13. Qh3 Qxe5+ 14. Ne2 c5
15. Qxh7# 1-0

[Event "DVM U10 2014"]
[Site "Magdeburg GER"]
[Date "2014.12.28"]
[Round "3"]
[White "Colbow, Collin"]
[Black "Schlie, Johann"]
[Result "1-0"]
[Termination "normal"]
[Board "14.1"]
[WhiteElo "1305"]
[BlackElo "890"]
[WhiteTeam "SK Bremen-Nord"]
[BlackTeam "Hagener SV 2"]
[PlyCount "45"]
[WhiteFideId "16201132"]
[BlackFideId "16211596"]
[EventCountry "GER"]
[EventRounds "7"]
[EventType "team-swiss"]
[EventDate "2014.12.27"]

1. e4 e5 2. Nf3 Nc6 3. Bc4 Nf6 4. Ng5 d5 5. exd5 Nxd5 6. Qf3 Be6 7. Nxe6 fxe6
8. c3 Bc5 9. O-O Qd6 10. d3 O-O-O 11. b4 Bb6 12. a4 Rhf8 13. Qg3 a5 14. bxa5
Bxa5 15. Ba3 Ndb4 16. cxb4 Nxb4 17. Nc3 Qd4 18. Nb5 Qb6 19. Rab1 c6 20. Bxe6+
Kb8 21. Qxe5+ Ka8 22. Bxb4 Bxb4 23. Rxb4 1-0

[Event "DVM U10 2014"]
[Site "Magdeburg GER"]
[Date "2014.12.28"]
[Round "3"]
[White "Brunner, Alexander"]
[Black "Rockmann, Enno"]
[Result "0-1"]
[Termination "normal"]
[Board "14.2"]
[WhiteElo "911"]
[BlackElo "1031"]
[WhiteTeam "Hagener SV 2"]
[BlackTeam "SK Bremen-Nord"]
[PlyCount "120"]
[WhiteFideId "12965278"]
[BlackFideId "12982920"]
[EventCountry "GER"]
[EventRounds "7"]
[EventType "team-swiss"]
[EventDate "2014.12.27"]

1. e4 e5 2. Nf3 Nf6 3. Nc3 Bc5 4. Nxe5 d6 5. Nf3 Nc6 6. Bc4 Be6 7. Bxe6 fxe6 8.
O-O O-O 9. d3 h6 10. Re1 Ng4 11. Nd4 Bxd4 12. Qxg4 Rxf2 13. Be3 Bxe3 14. Rxe3
Rxc2 15. Re2 Rxe2 16. Nxe2 Qe7 17. Rf1 Ne5 18. Qg3 Rf8 19. Rxf8+ Qxf8 20. d4
Nd7 21. Nf4 Qf6 22. Qg4 Nf8 23. d5 Qd4+ 24. Kh1 Qxb2 25. h3 exd5 26. Nxd5 c6
27. Nc7 Qa1+ 28. Kh2 Qe5+ 29. Kg1 Qe7 30. Na8 Qd8 31. Qd1 Qxa8 32. Qxd6 b6 33.
e5 Qe8 34. Qc7 b5 35. Qxa7 Qxe5 36. a4 bxa4 37. Qxa4 c5 38. Qa2+ Ne6 39. Qa8+
Kf7 40. Qa7+ Kf6 41. Kf2 c4 42. Qa3 Qc5+ 43. Qxc5 Nxc5 44. Ke3 Ke5 45. Kd2 Nb3+
46. Kc3 Kd5 47. g4 Na5 48. h4 Ke5 49. Kb4 Kf4 50. g5 hxg5 51. hxg5 Kxg5 52. Kc3
Kf4 53. Kb4 g5 54. Kc3 g4 55. Kb4 g3 56. Kxa5 c3 57. Kb4 c2 58. Kb3 c1=Q 59.
Kb4 g2 60. Kb5 g1=Q 0-1

[Event "DVM U10 2014"]
[Site "Magdeburg GER"]
[Date "2014.12.28"]
[Round "3"]
[White "Bassow, Konstantin"]
[Black "Mayland, Jannis"]
[Result "1-0"]
[Termination "normal"]
[Board "14.3"]
[WhiteElo "1001"]
[BlackElo "817"]
[WhiteTeam "SK Bremen-Nord"]
[BlackTeam "Hagener SV 2"]
[PlyCount "31"]
[WhiteFideId "12982415"]
[BlackFideId "16204824"]
[EventCountry "GER"]
[EventRounds "7"]
[EventType "team-swiss"]
[EventDate "2014.12.27"]

1. e4 e5 2. Nf3 Nc6 3. Bc4 Bc5 4. O-O Nf6 5. d3 d6 6. h3 O-O 7. Bg5 Nd4 8. Nc3
Be6 9. Bb3 Bxb3 10. axb3 Nxf3+ 11. Qxf3 Bd4 12. Nd5 Bxb2 13. Nxf6+ gxf6 14.
Bxf6 Qd7 15. Qg3+ Qg4 16. Qxg4# 1-0

[Event "DVM U10 2014"]
[Site "Magdeburg GER"]
[Date "2014.12.28"]
[Round "3"]
[White "Schönfeld, Fynn"]
[Black "Adams, Curtis"]
[Result "0-1"]
[Termination "normal"]
[Board "14.4"]
[WhiteElo "909"]
[BlackElo "874"]
[WhiteTeam "Hagener SV 2"]
[BlackTeam "SK Bremen-Nord"]
[PlyCount "103"]
[WhiteFideId "16204859"]
[EventCountry "GER"]
[EventRounds "7"]
[EventType "team-swiss"]
[EventDate "2014.12.27"]

1. d4 d5 2. Bf4 Nf6 3. Nc3 e6 4. Nf3 Bd6 5. Bxd6 Qxd6 6. e3 Nc6 7. Bb5 a6 8.
Bxc6+ bxc6 9. Qd3 a5 10. h3 Bb7 11. b3 Ra7 12. O-O Ba6 13. Qd2 Bxf1 14. Rxf1
Qb4 15. Ng5 h6 16. Nf3 Ne4 17. Qd3 Nxc3 18. Qd2 Nxa2 19. Qxb4 Nxb4 20. Rc1 O-O
21. Ne1 a4 22. bxa4 Rxa4 23. Nd3 Rfa8 24. Nxb4 Rxb4 25. c3 Rba4 26. Kh2 Ra1 27.
Rc2 R8a2 28. Rxa2 Rxa2 29. Kg3 Ra3 30. Kf3 Rxc3 31. g4 g5 32. Kg3 c5 33. dxc5
Rxc5 34. h4 f6 35. hxg5 fxg5 36. f4 gxf4+ 37. exf4 Rc3+ 38. Kh4 c5 39. Kh5 Rh3+
40. Kg6 Rf3 41. Kxh6 Rxf4 42. g5 c4 43. g6 Rh4+ 44. Kg5 Re4 45. Kh6 c3 46. g7
c2 47. Kg6 c1=Q 48. Kf6 Qf4+ 49. Ke7 Ra4 50. Kxe6 Ra6+ 51. Kxd5 Ra5+ 52. Kc6
0-1

[Event "DVM U10 2014"]
[Site "Magdeburg GER"]
[Date "2014.12.28"]
[Round "3"]
[White "Böttner, Oliver"]
[Black "Kipke, Mark"]
[Result "0-1"]
[Termination "normal"]
[Board "15.1"]
[WhiteElo "1110"]
[BlackElo "1037"]
[WhiteTeam "FHSG Stralsund"]
[BlackTeam "Königsspringer SC 1984"]
[PlyCount "122"]
[WhiteFideId "16208870"]
[BlackFideId "16217616"]
[EventCountry "GER"]
[EventRounds "7"]
[EventType "team-swiss"]
[EventDate "2014.12.27"]

1. e4 c5 2. Nf3 Nc6 3. Bc4 g6 4. O-O Bg7 5. c3 Nf6 6. Re1 O-O 7. d4 cxd4 8.
cxd4 d5 9. exd5 Nxd5 10. Nc3 Nf6 11. Bg5 Bg4 12. d5 Nb4 13. a3 Na6 14. Re3 Nc5
15. b4 Ncd7 16. Qd3 Bf5 17. Qe2 Re8 18. Re1 Kf8 19. Ne5 Nxe5 20. Rxe5 Rc8 21.
Bb5 Bd7 22. Bxd7 Qxd7 23. Nb5 a6 24. Nd4 Rc7 25. b5 Nxd5 26. bxa6 bxa6 27. Qe4
Nc3 28. Qe3 Nd5 29. Qe4 Nf6 30. Qf4 Rc4 31. Rd1 Nh5 32. Qe3 Bxe5 33. Qxe5 Nf6
34. Bxf6 exf6 35. Qxf6 Kg8 36. g3 Qg4 37. Nf3 Rec8 38. Rd8+ Rxd8 39. Qxd8+ Kg7
40. Ne5 Rc1+ 41. Kg2 Qe4+ 42. Nf3 Rc3 43. Qd1 Rd3 44. Qa1+ Kg8 45. Qf6 Qf5 46.
Qxf5 gxf5 47. Nh4 Rxa3 48. Nxf5 Rb3 49. Nd4 Rb1 50. h4 a5 51. f4 a4 52. g4 a3
53. Kf3 a2 54. Nc2 Rc1 55. Ke4 Rxc2 56. Kf5 a1=Q 57. Kg5 Rc5+ 58. f5 Qg7+ 59.
Kf4 Rc4+ 60. Kg3 Qc3+ 61. Kh2 Rd4 0-1

[Event "DVM U10 2014"]
[Site "Magdeburg GER"]
[Date "2014.12.28"]
[Round "3"]
[White "Troyke, Jannis"]
[Black "David, Philip"]
[Result "1-0"]
[Termination "normal"]
[Board "15.3"]
[WhiteElo "1089"]
[BlackElo "906"]
[WhiteTeam "FHSG Stralsund"]
[BlackTeam "Königsspringer SC 1984"]
[PlyCount "143"]
[WhiteFideId "12993115"]
[EventCountry "GER"]
[EventRounds "7"]
[EventType "team-swiss"]
[EventDate "2014.12.27"]

1. d4 d5 2. c4 c6 3. Nf3 Bf5 4. Nc3 e6 5. Bg5 Be7 6. Bxe7 Nxe7 7. e3 O-O 8. Be2
Nd7 9. O-O Nf6 10. Qb3 Qd7 11. Rad1 Rfd8 12. Bd3 Bg6 13. Ne5 Qc7 14. Bxg6 Nxg6
15. Nf3 Rac8 16. Rd3 Ne4 17. Rc1 Nf6 18. h3 Qd7 19. Ne2 Ne7 20. Ne5 Qc7 21.
Rdc3 Nd7 22. Nf3 Nf6 23. Qc2 Qd7 24. Ng3 Nf5 25. Nxf5 exf5 26. Ne5 Qe6 27. cxd5
Nxd5 28. Rc5 Nb4 29. Qb3 Qxb3 30. axb3 f6 31. R5c4 fxe5 32. Rxb4 exd4 33. Rxb7
dxe3 34. fxe3 Rd3 35. Rf1 Rxe3 36. Rxf5 Rf8 37. Rxf8+ Kxf8 38. Kf2 Rd3 39. Rxa7
Rxb3 40. Ra2 Kf7 41. Ke2 c5 42. Kd1 Rg3 43. Ra7+ Kg6 44. Ra6+ Kf5 45. Ra5 Rxg2
46. Rxc5+ Kg6 47. Rc2 Rg3 48. Rh2 Rb3 49. Kc2 Rb7 50. Kd3 Rd7+ 51. Kc4 Rc7+ 52.
Kd5 Rd7+ 53. Ke6 Rf7 54. Rg2+ Kh5 55. Kxf7 g5 56. b4 Kh4 57. b5 Kxh3 58. Rxg5
h6 59. Rg8 Kh4 60. Rh8 Kh5 61. Rxh6+ Kxh6 62. b6 Kg5 63. b7 Kf4 64. b8=Q+ Ke4
65. Ke6 Kd4 66. Qb5 Kc3 67. Kd5 Kd2 68. Qb3 Ke2 69. Ke4 Kf1 70. Qc2 Ke1 71. Kf3
Kf1 72. Qf2# 1-0

[Event "DVM U10 2014"]
[Site "Magdeburg GER"]
[Date "2014.12.28"]
[Round "3"]
[White "Summers, Jan"]
[Black "Lange, Anton"]
[Result "0-1"]
[Termination "normal"]
[Board "15.4"]
[WhiteElo "600"]
[BlackElo "866"]
[WhiteTeam "Königsspringer SC 1984"]
[BlackTeam "FHSG Stralsund"]
[PlyCount "58"]
[WhiteFideId "16217624"]
[BlackFideId "34603816"]
[EventCountry "GER"]
[EventRounds "7"]
[EventType "team-swiss"]
[EventDate "2014.12.27"]

1. e4 c5 2. Nf3 Nc6 3. b3 e5 4. Bb2 d6 5. Bc4 Be7 6. Bd5 Bd7 7. c3 Nf6 8. d4
exd4 9. cxd4 cxd4 10. Nxd4 O-O 11. Nxc6 bxc6 12. Bc4 Nxe4 13. Nd2 Nxd2 14. Qxd2
Re8 15. Qd4 Bf6+ 16. Qe3 Rxe3+ 17. fxe3 Bxb2 18. Rd1 Be5 19. g3 Bg4 20. Rd3 Rb8
21. Rf1 d5 22. Ba6 Rb6 23. e4 Rxa6 24. exd5 cxd5 25. Rd2 Bc3 26. Rff2 Bxd2+ 27.
Rxd2 Qe7+ 28. Kf1 Bh3+ 29. Kf2 Rf6+ 0-1

[Event "DVM U10 2014"]
[Site "Magdeburg GER"]
[Date "2014.12.28"]
[Round "3"]
[White "Block, Timo"]
[Black "von Asow, Till"]
[Result "1-0"]
[Termination "normal"]
[Board "16.1"]
[WhiteElo "1065"]
[BlackElo "1091"]
[WhiteTeam "SF Bremer Osten"]
[BlackTeam "SpVgg Rommelshausen"]
[PlyCount "63"]
[WhiteFideId "16201116"]
[BlackFideId "16257162"]
[EventCountry "GER"]
[EventRounds "7"]
[EventType "team-swiss"]
[EventDate "2014.12.27"]

1. e4 c5 2. Nf3 d6 3. Nc3 Nf6 4. Be2 g6 5. d3 Bg7 6. Bg5 O-O 7. O-O Bg4 8. Re1
Qb6 9. Rb1 h6 10. Bxf6 Bxf6 11. Nd5 Qd8 12. Nxf6+ exf6 13. c3 Nc6 14. d4 cxd4
15. cxd4 Nb4 16. a3 Nc6 17. b4 a6 18. d5 Ne7 19. Nd4 Bxe2 20. Qxe2 Qb6 21. Red1
Rfc8 22. Qe3 Kg7 23. Ne6+ fxe6 24. Qxb6 exd5 25. exd5 Rab8 26. Re1 Nxd5 27.
Qxd6 Nc7 28. Re7+ Kf8 29. Rxc7+ Kg8 30. Qe6+ Kh8 31. Qxf6+ Kg8 32. Qg7# 1-0

[Event "DVM U10 2014"]
[Site "Magdeburg GER"]
[Date "2014.12.28"]
[Round "3"]
[White "Ruppert, Jeremy"]
[Black "Pfluger, Jan"]
[Result "1-0"]
[Termination "normal"]
[Board "16.2"]
[WhiteElo "1056"]
[BlackElo "966"]
[WhiteTeam "SpVgg Rommelshausen"]
[BlackTeam "SF Bremer Osten"]
[PlyCount "105"]
[BlackFideId "16218299"]
[EventCountry "GER"]
[EventRounds "7"]
[EventType "team-swiss"]
[EventDate "2014.12.27"]

1. e4 e5 2. Nf3 Nc6 3. Bc4 Bc5 4. O-O Nf6 5. d3 h6 6. Nc3 O-O 7. Nh4 d6 8. Nf5
Be6 9. Qf3 Bxf5 10. exf5 Kh8 11. Re1 Nd4 12. Qd1 Nxf5 13. Ne4 Nxe4 14. dxe4 Nd4
15. Re3 Qf6 16. Rh3 Ne6 17. Bd2 Qxf2+ 18. Kh1 f5 19. Qh5 Qxd2 20. Bxe6 fxe4 21.
Bf5 Qf4 22. g4 Kg8 23. Qg6 Rf6 24. Qh7+ Kf7 25. Bxe4 Qxg4 26. Bd5+ Ke7 27. Bxb7
Rb8 28. Rg3 Qf4 29. Rxg7+ Rf7 30. Rxf7+ Qxf7 31. Qe4 d5 32. Bxd5 Qf6 33. Qh7+
Ke8 34. Qg8+ Ke7 35. Qxb8 Kd7 36. Qb7 Qf5 37. Bc6+ Ke6 38. Qc8+ Kf6 39. Qd8+
Kg6 40. Be8+ Kg7 41. Qxc7+ Kh8 42. Qb7 e4 43. Qb3 e3 44. Bc6 Qf2 45. Qc3+ Kh7
46. Be4+ Kg8 47. Qc4+ Kg7 48. Rf1 e2 49. Rxf2 e1=Q+ 50. Rf1 Qh4 51. Rf7+ Kh8
52. Rf8+ Kg7 53. Qf7# 1-0

[Event "DVM U10 2014"]
[Site "Magdeburg GER"]
[Date "2014.12.28"]
[Round "3"]
[White "Pass, Maurice"]
[Black "Raichle, Simon"]
[Result "0-1"]
[Termination "normal"]
[Board "16.3"]
[WhiteElo "600"]
[BlackElo "1028"]
[WhiteTeam "SF Bremer Osten"]
[BlackTeam "SpVgg Rommelshausen"]
[PlyCount "68"]
[EventCountry "GER"]
[EventRounds "7"]
[EventType "team-swiss"]
[EventDate "2014.12.27"]

1. e4 e5 2. Nf3 Nc6 3. Nc3 Bb4 4. a3 Ba5 5. Bc4 d6 6. d3 Bg4 7. h3 Bh5 8. Bg5
Nf6 9. -- {[Sb5]} O-O 10. Nd2 -- 11. Nb5 Bxd1 12. Rxd1 Qe7 13. b4 Bb6 14. Rf1
Nd4 15. Rc1 Nxb5 16. Bxb5 c6 17. Bc4 d5 18. exd5 cxd5 19. Ba2 Qe6 20. h4 Bd8
21. Nf3 Re8 22. c4 Rc8 23. Kd1 Qc6 24. cxd5 Qd7 25. Re1 Be7 26. Nxe5 Qa4+ 27.
Kd2 Qxa3 28. Bf4 Bxb4+ 29. Kd1 Bxe1 30. Kxe1 Qxc1+ 31. Bxc1 Rxe5+ 32. Kd1 Rce8
33. d4 Re1+ 34. Kc2 Rc8+ {Nicht mehr nachvollziehbar [Ld2]} 0-1